Welcome to WEB OPAC of MRSPTU Central Library

Natural home style : Using simple materials, plantings and sunlight (Record no. 1922)

MARC details
000 -LEADER
fixed length control field 00450nam a2200169Ia 4500
008 - FIXED-LENGTH DATA ELEMENTS--GENERAL INFORMATION
fixed length control field 230711s9999||||xx |||||||||||||| ||und||
041 ## - LANGUAGE CODE
Language code of text/sound track or separate title ENG
082 ## - DEWEY DECIMAL CLASSIFICATION NUMBER
Classification number 720
Item number ME-N
100 ## - MAIN ENTRY--PERSONAL NAME
Personal name Mirko,Mejetta
245 #0 - TITLE STATEMENT
Title Natural home style : Using simple materials, plantings and sunlight
250 ## - EDITION STATEMENT
Edition statement 1st Ed.
260 ## - PUBLICATION, DISTRIBUTION, ETC.
Date of publication, distribution, etc. 1985
Place of publication, distribution, etc. New York
Name of publisher, distributor, etc. Whitney Library of Design 
300 ## - PHYSICAL DESCRIPTION
Extent 127
650 ## - SUBJECT ADDED ENTRY--TOPICAL TERM
Topical term or geographic name entry element Architecture
700 ## - ADDED ENTRY--PERSONAL NAME
Personal name Spada,Simonetta
942 ## - ADDED ENTRY ELEMENTS (KOHA)
Koha item type Book
Holdings
Withdrawn status Lost status Damaged status Not for loan Collection Home library Current library Date acquired Total checkouts Full call number Barcode Date last seen Price effective from Koha item type
          MRSPTU Central Library MRSPTU Central Library     720 ME-N 8378 08/17/2023 08/17/2023 Book

Website Designed and Developed by MRSPTU Central Library Team

E-mail Id: librarian@mrsptu.ac.in